000 00791nam a2200241Ia 4500
003 OSt
005 20220930193455.0
006 a|||||r|||| 00| 0
007 ta
008 220926b |||||||| |||| 00| 0 eng d
024 _a11559
037 _cDissertations
040 _aCRL
_cCRL
_beng
041 _2eng
_aeng
100 _aNayak Pradeepta Kumar
_9562356
110 _aUniversity of Delhi. Faculty of Social Sciences. Department of African Studies
_9519560
245 0 _aIndia's relations with the front-line states of Southern Africa (1971-86)
260 _c1988
650 _aAFRICA - HISTORY
700 _aUniversity of Delhi. Faculty of Social Sciences. Department of African Studies
_9519562
942 _cDIS
_2CC
999 _c896532
_d896532